000 01015nam a2200277Ia 4500
001 Para_3098
003 CHAP
008 220125s1968 xx 000 0 und d
010 _a201589
040 _cCHAP
090 _aPA TESIS 331
100 _aTopete Ponce, Enrique
_9113899
245 _aContribución al conocimiento de la enfermedad ojo de gallo del cafeto causada por Mycena citricolor (Berk. y Curt.) Sacc.-Stilbum flavidum Cooks en la República Mexicana /
_c Enrique Topete Ponce
260 _aChapingo, Méx. :
_b El autor
300 _a63 h.
502 _aTesis (Ing. Agr. Esp. en Parasitología Agrícola) -- ENA. Departamento de Parasitología Agrícola
650 _aEnfermedad de la hoja del cafeto Mycena citricolor
_9166504
710 _aENA. Departamento de Parasitologia Agrícola
_936701
901 _aPA TESIS 331
902 _aA
905 _a0000001968 CHAa 0000000000 00
910 _a1968
942 _cPARA
942 _cPARA
_d1
999 _c201589
_d201589